00595nam a2200169Ia 4500008004100000041000800041082001600049100002500065245002400090260002700114300002300141365001600164700002500180906003200205999001900237952016900256230718s9999 xx 000 0 und d aeng a005.43bDON aDonovan J.J.9156113 aSystems Programming bTata Mc-graw Hill Pub. dRef 1350 C (27827) cRs.b225.00 aDonovan J.J.9156113 dB:357511-Apr-2007cCOMPb45 c316607d316607 00104070aCCEPbCCEPd2007-04-13ePradeep Book DistributorsfCOMPg180.00i3575l0o005.43pCCEP-BK-27814r2023-07-18 00:00:00t45v225.00w2007-04-11yBKz027814